LIBRARY & INFORMATION CENTRE, KCAET, TAVANUR

ONLINE PUBLIC ACCESS CATALOGUE (OPAC)

Practical manual of poultry production / (Record no. 6753)

MARC details
000 -LEADER
fixed length control field 00517cam a2200205ua 4500
041 ## - LANGUAGE CODE
Language code of text/sound track or separate title eng
082 ## - DEWEY DECIMAL CLASSIFICATION NUMBER
Classification number 028.72636
Item number SID/PR
100 ## - MAIN ENTRY--AUTHOR NAME
Personal name Siddiqui, S M .
245 ## - TITLE STATEMENT
Title Practical manual of poultry production /
250 ## - EDITION STATEMENT
Edition statement 1 /
260 ## - PUBLICATION, DISTRIBUTION, ETC. (IMPRINT)
Place of publication Ahmedabad :
Name of publisher Kothari book depot ,
Year of publication 1975.
300 ## - PHYSICAL DESCRIPTION
Number of Pages 155 ; .
700 1# - ADDED ENTRY--PERSONAL NAME
Personal name Mathur , C R .
700 1# - ADDED ENTRY--PERSONAL NAME
Personal name Reddy, C V .
942 ## - ADDED ENTRY ELEMENTS (KOHA)
Koha item type Books
Holdings
Withdrawn status Lost status Damaged status Home library Current library Date acquired Full call number Accession Number Koha item type
      KAUAET   07/04/2012 028.72636 14052 Books
free website counter